00383nam a22001337a 4500003000400000005001700004008004100021040001100062100005800073245006400131250000800195260003800203300000800241OSt20240416121551.0240416b |||||||| |||| 00| 0 eng d cMRSPTU aNasreen Tasleema (ਤਸਲੀਮਾ ਨਸਰੀਨ) aAurat De Haq Wich (ਔਰਤ ਦੇ ਹੱਕ ਵਿੱਚ) a1st aPunjabbLokgeet Publicationc1997 a249